| 000 | 00531nam a22001697a 4500 | ||
|---|---|---|---|
| 003 | OSt | ||
| 005 | 20260123153454.0 | ||
| 008 | 260123b |||||||| |||| 00| 0 eng d | ||
| 040 | _cMRSPTU | ||
| 041 | _aEnglish | ||
| 100 | _aNeha Sharma, Supervisor: Abhilasha Jain | ||
| 245 | _aDesign a Layered Approach for Text Data Security in Video Steganography | ||
| 260 |
_bDepartment of CSE, MRSPTU, Bathinda _c2016 |
||
| 650 | _aComputer Science | ||
| 856 | _uhttp://163.47.215.52:8080/jspui/handle/123456789/420 | ||
| 942 |
_2ddc _cTH _n0 |
||
| 999 |
_c10744 _d10744 |
||